书目信息 |
| 题名: |
毛泽东同志关于我国经济问题的论述
|
|
| 作者: | 南开大学经济系经济学史教研组 编 | |
| 分册: | ||
| 出版信息: | 石家庄 河北人民出版社 1960 |
|
| 页数: | 326页 | |
| 开本: | 20cm | |
| 丛书名: | ||
| 单 册: | ||
| 中图分类: | A466 | |
| 科图分类: | ||
| 主题词: | 毛泽东著作--专题汇编 | |
| 电子资源: | ||
| ISBN: | ||
| 000 | 00734nam0 2200205 450 | |
| 001 | 0730216137 | |
| 005 | 20070726085524.81 | |
| 010 | @dCNY0.82 | |
| 091 | @a1086.7 | |
| 100 | @a20070722d1960 km y0chiy0120 ea | |
| 101 | 0 | @achi |
| 102 | @aCN@b130000 | |
| 200 | 1 | @a毛泽东同志关于我国经济问题的论述@Amao ze dong tong zhi guan yu wo guo jing ji wen ti de lun shu@f南开大学经济系经济学史教研组编@Fnan kai da xue jing ji xi jing ji xue shi jiao yan zu bian |
| 210 | @a石家庄@c河北人民出版社@d1960 | |
| 215 | @a326页@d20cm | |
| 606 | 0 | @a毛泽东著作@x专题汇编 |
| 690 | @aA466@v3 | |
| 701 | 0 | @a南开大学经济系经济学史教研组@Anan kai da xue jing ji xi jing ji xue shi jiao yan zu@4编 |
| 801 | 0 | @aCN@bPFT@c20070726 |
| 905 | @a10447@dA466@e45 | |
| 毛泽东同志关于我国经济问题的论述/南开大学经济系经济学史教研组编.-石家庄:河北人民出版社,1960 |
| 326页;20cm |
| ISBN :CNY0.82 |
| ● |
| 相关链接 |
|
|
|
|
正题名:毛泽东同志关于我国经济问题的论述
索取号:A466/45
 
预约/预借
| 序号 | 登录号 | 条形码 | 馆藏地/架位号 | 状态 | 备注 |
| 1 | 0769893 | 207698936 | 第一样本阅览室/ [索取号:A466/45] | 在馆 |